1085 1177 1258 1472 1739 1049 1728 1142 1658 1593 1124 1018 1233 1082 1070 1275 1527 1441 1410 1050 1628 1540 1326 1506 1593 1578 1910 1635 1499 1281 1952 1725 1007 1264 1079 1567 1415 1064 1790 1726 1668 1100 1900 1720 1452 1969 1557 1882 1860 1983 1460 1647 1656 1617 1281 1829 1646 1526 1663 1945 1246 1518 1606 1367 1545 1404 1899 1881 1762 1000 1841 1992 1758 1031 1763 1536 1888 1812 1452 1959 1528 1002 1413 1983 1381 1217 1813 1708 1727 1991 1715 1499 1580 1096 1489 1029 1416 1444 1916 BCNSPRNW ULIB Ver.6.0+V

เปลี่ยนเป็นภาษาไทย

Change to English
 แสดงรายละเอียดบรรณานุกรม
  กลับหน้าหลัก

Brief Record : Get Marc (ISO 2709) : E-mail record : QR code < ปิดหน้าต่าง
LEADER : 00000nam 2200000uu 4500
001    13399124516
003     ULIB
008    150818s2542||||th 000 0 tha d
020    9789742552787 (ล.1)
020    9742552789 (ล.1)
090    นว.^bพ541ส ล.1
100 0  พัดชา
245 00 สามี เล่ม1/^cพัดชา
250    พิมพ์ครั้งที่ 2
260    กรุงเทพฯ :^bบูรพาสาส์น(1991)จำกัด,^c2542
300    528 หน้า
945    ^p350^l0^i23108
995    ทศพร
999    () ^aใช้งานได้ทุกระบบ
รายการนี้ยังไม่มีแท็ก
คุณยังไม่ได้ล็อกอิน คุณสามารถมีกิจกรรมร่วมกับเว็บไซต์ได้ แต่ต้องล็อกอินก่อน ::
  ล็อกอิน

รายการสื่อสารสนเทศ

ลำดับที่ ประเภท เลขเรียก/บาร์โค้ด สถานที่ สถานะ
1. นวนิยาย
นวนิยาย
นว. พ541ส ล.1 ฉ.1 
  Barcode: 23108
ห้องสมุดวิทยาเขตนครสวรรค์
►นวนิยาย:l:Fiction
บนชั้น

รายการใกล้เคียง
    ผู้แต่ง [พัดชา]

BibComment


ยังไม่เคยถูกคอมเมนท์

คอมเมนท์ทรัพยากรรายการนี้
  คอมเมนท์: สามี เล่ม1 พัดชา


 Copyright 2026. Bcnsprnw @Library